|
|
|
|
| LEADER |
00000nam a22000007a 4500 |
| 005 |
20180301230529.0 |
| 007 |
cr|||| |||| |
| 008 |
180301s2016 br |||||s|||| 00||0 por d |
| 020 |
|
|
|a 978-85-7789-266-2
|
| 035 |
|
|
|a 21031
|
| 040 |
|
|
|a vLex
|
| 090 |
|
|
|c 7433
|d 7433
|
| 100 |
1 |
|
|a Salomô Caputo, Paulo Rubens
|
| 245 |
1 |
0 |
|a Teoria Processual Civil - Parte Geral do NCPC
|h [Recurso electrn̤ico] /
|c Paulo Rubens Salomô Caputo
|
| 256 |
|
|
|a Servicio en ln̕ea
|
| 260 |
|
|
|a San Pablo:
|b JH Mizuno,
|c 2016
|
| 300 |
|
|
|a 1 recurso electrn̤ico
|
| 500 |
|
|
|a A presente Teoria Processual Civil (Parte Geral do NCPC) traz um panorama dos seis Livros que compe̳m a Parte Geral do NCPC, a qual se aplica aos demais Livros da Parte Especial (arts. 318 e ss.), bem como na interpretaȯ̂ da legislaȯ̂ processual esparsa. Nô obstante se seguir a ordem empregada na estruturaȯ̂ legislativa do NCPC (incluindo a Lei nð 13.256/16), o foco desta obra ,̌ em verdade, a repercussô do modelo constitucional do processo no campo infraconstitucional e seu acolhimento na Parte Geral do NCPC, de modo a que se delimite e perquira sobre uma nova teoria processual de bases constitucionais (ou simplesmente teoria processual) no campo do Direito Processual Civil.
|
| 506 |
1 |
|
|a Disponible solo en los productos indicados
|d vLex Global
|d vLex Global (Academic Edition, excluding Law Schools)
|d vLex Global (U.S. Academic Edition, Law Schools)
|d vLex Global (U.S. Academic Edition, excluding Law Schools)
|d vLex Global (Academic Edition, Law Schools)
|
| 650 |
0 |
4 |
|a Derecho Procesal
|z Brasil
|
| 650 |
0 |
4 |
|a Procedimiento Civil
|z Brasil
|
| 740 |
0 |
|
|a vLex Libros (Servicio en ln̕ea)
|
| 856 |
4 |
0 |
|u http://vlex.com/source/teoria-processual-civil-parte-geral-do-ncpc-21031
|z Acceso restringido
|
| 942 |
|
|
|c BOOK
|
| 999 |
0 |
|
|a Procedural Law
|
| 999 |
0 |
|
|a Civil Procedure
|